000 00604nam a22001937a 4500
005 20251108175846.0
008 250721s2022 xx 000 0 ara d
082 1 4 _a347.09/نجي
100 1 _aحمدان, احمد
245 1 0 _aالمدخل لدراسة الوساطة في تسوية المنازعات /
250 _aط.2
264 1 _aالقاهرة :
_bالدار المصرية اللبنانية،
_c2022.
650 1 7 _aالقانون
650 1 7 _aالوساطة
650 1 7 _aتسوية النزاعات
700 1 _aالنجيحي, شريف
942 _2ddc
_cBK
999 _c144135
_d144135